000 00740nam a2200229Ia 4500
003 GCL
008 140319s9999 xx 000 0 ara d
040 _aGCL /
_cGCL
082 0 4 _a327.5380567
_bع ا
100 1 _aعبدالله زلطة
245 1 0 _aازمة الكويت عام 1916 : صفحات من تاريخ العلاقات العراقية الكويتية /
_cعبدالله زلطة
260 _a[S.N] :
_bدائرة الاعلام ،
_c1993
300 _a308 ص
490 _a
650 0 4 _aالكويت
650 0 4 _aالعالم العربى
650 0 4 _aالاحوال السياسية
650 0 4 _aالعراق
650 0 4 _aالعلاقات الخارجية
650 0 4 _aالتاريخ
942 _2ddc
_cBK
999 _c32366
_d32366